Á lódáil...

INVESTMENT ANALYSIS AND PORTFOLIO MANAGEMENT

Sonraí Bibleagrafaíochta
Príomhúdar: PRASANNA CHANDRA
Formáid: Printed Book
Foilsithe: NEW DELHI MCGRAW HILL PUBLISHED 2008
Eagrán:3rd
Ábhair:
LEADER 00560nam a22001817a 4500
003 OSt
020 |a 9780070249073 
082 |a 332.6  |b PRA/IN 
100 |a PRASANNA CHANDRA 
245 |a INVESTMENT ANALYSIS AND PORTFOLIO MANAGEMENT 
250 |a 3rd 
260 |a NEW DELHI  |b MCGRAW HILL PUBLISHED  |c 2008 
300 |a 726 
650 |a PORTFOLIO MANAGEMENT 
700 |a PRASANNA CHANDRA 
942 |2 ddc  |c BK 
999 |c 189269  |d 189269 
952 |0 0  |1 0  |2 ddc  |4 0  |6 332_600000000000000_PRA_IN  |7 0  |9 195421  |a KAUCBV  |b KAUCBV  |d 2016-03-29  |g 0.00  |o 332.6 PRA/IN  |r 2016-03-29  |w 2016-03-29  |y BK